[Event "Nittenau-ch 14th"]
[Site "Nittenau"]
[Date "2014.09.06"]
[Round "3"]
[White "Grohmann, Klaus"]
[Black "Tautz, Helmut"]
[Result "1-0"]
[WhiteElo "1209"]
[BlackElo "1572"]
[PlyCount "47"]
[EventDate "2014.09.05"]
[EventType "swiss"]
[EventRounds "5"]
[EventCountry "GER"]
[SourceTitle "CBM 162 Extra"]
[Source "ChessBase"]
[SourceDate "2014.10.17"]
[SourceVersion "1"]
[SourceVersionDate "2014.10.17"]
[SourceQuality "1"]

1. e4 Nc6 2. Nf3 f5 3. exf5 d5 4. Bb5 Bxf5 5. Ne5 Qd6 6. d4 0-0-0 7. Bxc6 bxc6 8. 0-0 Bg6 9. Bf4 Nh6 10. Qe2 Kb7 11. g3 Qf6 12. c4 Nf5 13. Rd1 h5 14. h4 Nxh4 15. Qe3 Nf5 16. Qb3+ Ka8 17. Qa4 Be8 18. c5 g5 19. Rd3 Rb8 20. Bxg5 Qxg5 21. Nxc6 Rb7 22. Rb3 Qc1+ 23. Kh2 Nxd4 24. Qxa7+ 1-0

[Event "Nittenau-ch 13th"]
[Site "Nittenau"]
[Date "2013.09.15"]
[Round "5"]
[White "Bruell, Martin"]
[Black "Tautz, Helmut"]
[Result "0-1"]
[WhiteElo "1818"]
[BlackElo "1528"]
[PlyCount "82"]
[EventDate "2013.09.13"]
[EventType "swiss"]
[EventRounds "5"]
[EventCountry "GER"]
[SourceTitle "EXT 2022"]
[Source "ChessBase"]
[SourceDate "2021.10.06"]
[SourceVersion "1"]
[SourceVersionDate "2021.10.06"]
[SourceQuality "1"]

1. e4 e5 2. Nf3 Nf6 3. d4 d5 4. dxe5 Nxe4 5. Bd3 Be7 6. 0-0 Bg4 7. c4 c6 8. Re1 0-0 9. Qc2 f5 10. Nd4 Qc8 11. cxd5 cxd5 12. Nb5 Nc6 13. Qb3 Qd7 14. Bxe4 fxe4 15. Qg3 Bc5 16. Bf4 Nxe5 17. Be3 Bb4 18. N1c3 Nd3 19. Reb1 a6 20. Nc7 Bd6 21. Qh4 Bxc7 22. Nxd5 Qxd5 23. Qxg4 Qf5 24. Qh4 Bd8 25. Qg3 Nf4 26. Re1 Rc8 27. Rad1 Ba5 28. Bd4 Qg6 29. Qb3+ Kh8 30. Qg3 Qxg3 31. hxg3 Bxe1 32. Rxe1 Ne6 33. Bc3 Ng5 34. Rd1 Rcd8 35. Rc1 Rd7 36. Ba5 h6 37. Bb6 Rf6 38. Be3 Rfd6 39. Kh2 Rd1 40. Rc8+ Kh7 41. Re8 Rb1 0-1

[Event "Nittenau-ch 13th"]
[Site "Nittenau"]
[Date "2013.09.13"]
[Round "1"]
[White "Tautz, Helmut"]
[Black "Nussbaumer, Johann"]
[Result "0-1"]
[WhiteElo "1528"]
[BlackElo "2014"]
[PlyCount "96"]
[EventDate "2013.09.13"]
[EventType "swiss"]
[EventRounds "5"]
[EventCountry "GER"]
[SourceTitle "EXT 2022"]
[Source "ChessBase"]
[SourceDate "2021.10.06"]
[SourceVersion "1"]
[SourceVersionDate "2021.10.06"]
[SourceQuality "1"]

1. e4 c5 2. Bc4 Nc6 3. Ne2 Nf6 4. Nbc3 e6 5. 0-0 a6 6. Ng3 b5 7. Be2 b4 8. Na4 h5 9. Bf3 h4 10. e5 hxg3 11. exf6 gxh2+ 12. Kh1 Qxf6 13. Nb6 Rb8 14. Nxc8 Rxc8 15. c3 a5 16. Qa4 Qd8 17. d3 Ne5 18. Be2 Bd6 19. Bf4 g5 20. Bg3 f5 21. f4 Ng6 22. Rae1 gxf4 23. Bh5 Rxh5 24. Rxe6+ Be7 25. Rxg6 Kf7 26. Ra6 fxg3 27. Rxa5 Qc7 28. cxb4 cxb4 29. Qd1 Kg6 30. Ra6+ d6 31. Qf3 Rg5 32. Qd1 Qc2 33. Ra7 Qxd1 34. Rxd1 Bf6 35. Rb7 Bxb2 36. Rxb4 Rc1 37. Rxc1 Bxc1 38. Rb1 Ba3 39. Rb3 Rg4 40. d4 Bc1 41. a4 f4 42. Rf3 Kf5 43. a5 Rg8 44. Rc3 Bd2 45. Ra3 Re8 46. Ra1 Kg4 47. a6 f3 48. gxf3+ Kh3 0-1

[Event "Wittelsbach op 1st"]
[Site "Kelheim"]
[Date "2012.12.29"]
[Round "6"]
[White "Zankl, Stephan"]
[Black "Tautz, Helmut"]
[Result "0-1"]
[WhiteElo "1596"]
[BlackElo "1499"]
[PlyCount "86"]
[EventDate "2012.12.26"]
[EventType "swiss"]
[EventRounds "7"]
[EventCountry "GER"]
[SourceTitle "EXT 2014"]
[Source "ChessBase"]
[SourceDate "2013.11.20"]
[SourceVersion "1"]
[SourceVersionDate "2013.11.20"]
[SourceQuality "1"]

1. e4 g6 2. d4 d6 3. Bf4 Bg7 4. c3 Nf6 5. Nd2 0-0 6. Bd3 Nc6 7. Qc2 e5 8. dxe5 Nxe5 9. Bxe5 dxe5 10. Nc4 Nh5 11. g3 b5 12. Ne3 c6 13. 0-0-0 Qa5 14. b3 Be6 15. Ne2 Qb6 16. c4 a5 17. c5 Qa7 18. Kd2 Nf6 19. Ke1 Rfd8 20. h4 h5 21. Kf1 Nd7 22. Kg2 Nxc5 23. Rd2 Nxd3 24. Rxd3 Rxd3 25. Qxd3 a4 26. Rc1 Qb6 27. Qd6 Rd8 28. Qc5 Qxc5 29. Rxc5 axb3 30. axb3 Bxb3 31. Rxc6 Rb8 32. Nd5 b4 33. Rb6 Rxb6 34. Nxb6 Bc2 35. f3 b3 36. Na4 Bf8 37. Nec3 Ba3 38. Nb5 Bc1 39. Nac3 Bd3 40. Kf2 Bd2 41. g4 hxg4 42. fxg4 b2 43. Kf3 Bxb5 0-1

[Event "Wittelsbach op 1st"]
[Site "Kelheim"]
[Date "2012.12.27"]
[Round "3"]
[White "Tautz, Helmut"]
[Black "Schawacht, Max"]
[Result "0-1"]
[WhiteElo "1499"]
[BlackElo "1816"]
[PlyCount "86"]
[EventDate "2012.12.26"]
[EventType "swiss"]
[EventRounds "7"]
[EventCountry "GER"]
[SourceTitle "EXT 2014"]
[Source "ChessBase"]
[SourceDate "2013.11.20"]
[SourceVersion "1"]
[SourceVersionDate "2013.11.20"]
[SourceQuality "1"]

1. Nf3 Nf6 2. g3 g6 3. Bg2 Bg7 4. d4 d5 5. Bf4 c5 6. 0-0 Nc6 7. c3 0-0 8. dxc5 Ne4 9. Be3 e5 10. Nbd2 Nf6 11. b4 Ng4 12. Qa4 Nxe3 13. fxe3 e4 14. Nd4 Ne5 15. b5 Qg5 16. Rf4 Ng4 17. Nf1 Be5 18. b6 a6 19. h3 Nxe3 20. Nxe3 Qxg3 21. Rf2 Qxe3 22. Nc2 Qxc5 23. e3 Bxc3 24. Raf1 Be6 25. Qb3 d4 26. exd4 Bxd4 27. Qb1 Bxf2+ 28. Rxf2 Rad8 29. Bxe4 Rd2 30. Qe1 Rfd8 31. Kg2 Bxh3+ 32. Kg3 Rxf2 33. Qxf2 Qe5+ 34. Qf4 Qxf4+ 35. Kxf4 Bc8 36. Nb4 Rd4 37. Nd5 Kf8 38. Ke5 Rd2 39. Kd6 Be6 40. Kc7 Bxd5 41. Bxd5 Rxd5 42. Kxb7 Ra5 43. Ka7 Rxa2 0-1

[Event "Wittelsbach op 1st"]
[Site "Kelheim"]
[Date "2012.12.26"]
[Round "1"]
[White "Tautz, Helmut"]
[Black "Kuempers, Ulrich"]
[Result "0-1"]
[WhiteElo "1499"]
[BlackElo "2066"]
[PlyCount "60"]
[EventDate "2012.12.26"]
[EventType "swiss"]
[EventRounds "7"]
[EventCountry "GER"]
[SourceTitle "EXT 2014"]
[Source "ChessBase"]
[SourceDate "2013.11.20"]
[SourceVersion "1"]
[SourceVersionDate "2013.11.20"]
[SourceQuality "1"]

1. Nf3 Nf6 2. g3 g6 3. Bg2 Bg7 4. d4 0-0 5. 0-0 d6 6. Nc3 Nbd7 7. e4 e5 8. Bg5 h6 9. Bd2 c6 10. Qc1 Kh7 11. dxe5 dxe5 12. Nh4 Nc5 13. f4 exf4 14. Bxf4 g5 15. Be3 Qe7 16. Nf5 Bxf5 17. exf5 Ng4 18. Re1 Nxe3 19. Qxe3 Qxe3+ 20. Rxe3 Bd4 21. Kf2 Rfe8 22. Rae1 Re5 23. g4 Rae8 24. Nd1 Ne4+ 25. Kf1 Bxe3 26. Nxe3 Nf6 27. Kf2 Rxe3 28. Rd1 Re2+ 29. Kg3 R2e3+ 30. Bf3 Ne4+ 0-1

[Event "Nittenau-ch 12th"]
[Site "Nittenau"]
[Date "2012.09.14"]
[Round "1"]
[White "Eichinger, Christoph"]
[Black "Tautz, Helmut"]
[Result "1-0"]
[WhiteElo "1961"]
[BlackElo "1506"]
[PlyCount "47"]
[EventDate "2012.09.14"]
[EventType "swiss"]
[EventRounds "5"]
[EventCountry "GER"]
[SourceTitle "EXT 2022"]
[Source "ChessBase"]
[SourceDate "2021.10.06"]
[SourceVersion "1"]
[SourceVersionDate "2021.10.06"]
[SourceQuality "1"]

1. e4 d6 2. d4 g6 3. Nc3 Bg7 4. f4 Nd7 5. Nf3 c6 6. Be3 Qb6 7. Rb1 Ngf6 8. Qd2 Ng4 9. Bg1 Qc7 10. h3 Ngf6 11. e5 dxe5 12. dxe5 Ng8 13. Bc4 e6 14. Ne4 Ne7 15. Nd6+ Kf8 16. Nxf7 Kxf7 17. Ng5+ Ke8 18. Nxe6 Qb8 19. Nxg7+ Kf8 20. Ne6+ Ke8 21. Bc5 b6 22. Bd6 Qb7 23. Nc7+ Kf8 24. Ba6 1-0

[Event "Regionalliga NO 1011"]
[Site "Bayern"]
[Date "2010.11.14"]
[Round "3.8"]
[White "Tautz, Helmut"]
[Black "Seidl, Juergen"]
[Result "0-1"]
[WhiteElo "1555"]
[BlackElo "2069"]
[PlyCount "72"]
[EventDate "2010.10.10"]
[EventType "team-tourn"]
[EventRounds "9"]
[EventCountry "GER"]
[SourceTitle "EXT 2012"]
[Source "ChessBase"]
[SourceDate "2011.11.24"]
[SourceVersion "1"]
[SourceVersionDate "2011.11.24"]
[SourceQuality "1"]
[WhiteTeam "Kelheim II"]
[BlackTeam "Kareth Lappersdorf"]
[WhiteTeamCountry "GER"]
[BlackTeamCountry "GER"]

1. d4 Nf6 2. Nf3 e6 3. Bf4 c5 4. e3 Qb6 5. Qc1 Nc6 6. c3 d6 7. Nbd2 cxd4 8. exd4 Be7 9. Bd3 Bd7 10. Qc2 Rc8 11. Ne4 Nb4 12. Nxf6+ Bxf6 13. Qd1 Nxd3+ 14. Qxd3 h6 15. 0-0 Bb5 16. Qd2 Bxf1 17. Kxf1 0-0 18. Re1 Rfe8 19. Kg1 Rcd8 20. Qc1 Qb5 21. h3 e5 22. Bxh6 gxh6 23. Qxh6 Bg7 24. Qh5 Qd3 25. dxe5 dxe5 26. Nxe5 Rxe5 27. Rxe5 Bxe5 28. Qxe5 Qd1+ 29. Kh2 Qd6 30. f4 Qxe5 31. fxe5 Rd2 32. Kg3 Rxb2 33. a4 Rb3 34. Kf4 Rxc3 35. g4 Rc4+ 36. Kf5 Rxa4 0-1

[Event "Nittenau-ch 10th"]
[Site "Nittenau"]
[Date "2010.10.04"]
[Round "1"]
[White "Tautz, Helmut"]
[Black "Werner, Claus"]
[Result "0-1"]
[WhiteElo "1582"]
[BlackElo "2182"]
[PlyCount "43"]
[EventDate "2010.09.17"]
[EventType "swiss"]
[EventRounds "5"]
[EventCountry "GER"]
[SourceTitle "EXT 2022"]
[Source "ChessBase"]
[SourceDate "2021.10.06"]
[SourceVersion "1"]
[SourceVersionDate "2021.10.06"]
[SourceQuality "1"]

1. d4 Nf6 2. Nf3 g6 3. Bg5 Bg7 4. e3 0-0 5. c4 d6 6. Nc3 Nbd7 7. Be2 h6 8. Bf4 Nh5 9. Bg3 e5 10. Qc2 c6 11. Nd2 Nxg3 12. hxg3 Qe7 13. 0-0-0 a5 14. f4 exd4 15. exd4 Bxd4 16. Nde4 Bg7 17. Rxd6 Nc5 18. Bf3 Bf5 19. Rdd1 Bxc3 20. Qxc3 Nxe4 21. Bxe4 Qxe4 22. Rxh6 0-1

[Event "Nittenau-ch 10th"]
[Site "Nittenau"]
[Date "2010.09.19"]
[Round "4"]
[White "Tautz, Helmut"]
[Black "Askri, Samir"]
[Result "0-1"]
[WhiteElo "1582"]
[BlackElo "1161"]
[PlyCount "78"]
[EventDate "2010.09.17"]
[EventType "swiss"]
[EventRounds "5"]
[EventCountry "GER"]
[SourceTitle "EXT 2022"]
[Source "ChessBase"]
[SourceDate "2021.10.06"]
[SourceVersion "1"]
[SourceVersionDate "2021.10.06"]
[SourceQuality "1"]

1. d4 Nf6 2. Nf3 g6 3. Bf4 d6 4. e3 Bg7 5. c4 0-0 6. Be2 c5 7. Nc3 cxd4 8. exd4 d5 9. Nb5 Na6 10. c5 Bd7 11. Nc3 Nc7 12. b4 Ne6 13. Be3 Rc8 14. 0-0 b6 15. Ba6 Rc7 16. Nb5 Bxb5 17. Bxb5 bxc5 18. bxc5 Ng4 19. Rc1 Rb7 20. Qa4 Qc7 21. h3 Nxe3 22. fxe3 Rfb8 23. Bd3 Rb4 24. Qd1 Bh6 25. Re1 Rb2 26. a4 Qg3 27. Bf1 Bxe3+ 28. Rxe3 Qf2+ 29. Kh1 Qxe3 30. Qe1 Qxe1 31. Rxe1 Rb1 32. Bb5 Rxe1+ 33. Nxe1 Nxd4 34. c6 Nxb5 35. axb5 Rxb5 36. Nd3 Rb8 37. Kg1 Rc8 38. Nb4 e6 39. Kf2 a5 0-1

[Event "Nittenau-ch 10th"]
[Site "Nittenau"]
[Date "2010.09.19"]
[Round "5"]
[White "Trautner, Armin"]
[Black "Tautz, Helmut"]
[Result "0-1"]
[WhiteElo "1051"]
[BlackElo "1582"]
[PlyCount "58"]
[EventDate "2010.09.17"]
[EventType "swiss"]
[EventRounds "5"]
[EventCountry "GER"]
[SourceTitle "EXT 2022"]
[Source "ChessBase"]
[SourceDate "2021.10.06"]
[SourceVersion "1"]
[SourceVersionDate "2021.10.06"]
[SourceQuality "1"]

1. e4 g6 2. Nf3 Bg7 3. Bc4 d6 4. 0-0 Nf6 5. Nc3 0-0 6. d4 c6 7. h3 b5 8. Bd3 Nbd7 9. Re1 a6 10. e5 Nd5 11. Nxd5 cxd5 12. exd6 exd6 13. Bf4 Nf6 14. Qd2 Be6 15. Re2 Qd7 16. Rae1 Nh5 17. c3 Bxh3 18. gxh3 Qxh3 19. Bxd6 Qxf3 20. Bxf8 Nf4 21. Qxf4 Qxf4 22. Bxg7 Kxg7 23. Re5 Rd8 24. Re7 Qd2 25. Bb1 Rd6 26. R1e2 Qc1+ 27. Re1 Qxb2 28. R7e3 Rf6 29. Kf1 Qxf2# 0-1